LEADER 00809nam0-2200277 --450 001 9910507905603321 005 20211123171417.0 100 $a20211123d1956----kmuy0itay5050 ba 101 $alat 102 $aDE 105 $a 001yy 200 1 $aPompei Trogi Fragmenta$fcollegit Otto Seel 210 $aLipsiae$cin aedibus B.G. Teubneri$d1956 215 $aXXIII, 208 p.$d21 cm. 225 1 $aBibliotheca scriptorum Graecorum et Romanorum Teubneriana 517 1 $aFragmenta 676 $a878.01$v19 700 1$aTrogus,$bPompeius$0186595 702 1$aSeel,$bOtto 801 0$aIT$bUNINA$gREICAT$2UNIMARC 901 $aBK 912 $a9910507905603321 952 $aP2B 640 TEUB POMPEIUS TR. 200A 1956$b29103$fFLFBC 959 $aFLFBC 996 $aPompei Trogi Fragmenta$92430182 997 $aUNINA LEADER 01510nam 2200409 450 001 9910819191803321 005 20181215165900.0 010 $a1-4758-2172-7 035 $a(CKB)4100000006994258 035 $a(MiAaPQ)EBC5500225 035 $a(PPN)236312375 035 $a(EXLCZ)994100000006994258 100 $a20190228d2018 uy 0 101 0 $aeng 135 $aurcnu|||||||| 181 $ctxt$2rdacontent 182 $cc$2rdamedia 183 $acr$2rdacarrier 200 00$aHandbook of comparative education law$hVolume 3$iSelected European nations /$fedited by Charles J. Russo 210 1$aLanham, Maryland :$cRowman & Littlefield,$d[2018] 210 4$dİ2018 215 $a1 online resource (xv, 171 pages) 311 $a1-4758-2170-0 311 $a1-4758-2171-9 320 $aIncludes bibliographical references and index. 327 $aIreland / Oliver Mahon, Dympna Glendenning -- The Netherlands / Pieter W.A. Huisman, Stefan Philipsen -- Poland / Maria Stoz?ek, Marta Ponikowska -- Russia / Maria Smirnova -- Spain / Santiago Can?amares Arribas, Javier Garci?a Oliva -- Analysis and reflections / Charles J. Russo. 606 $aEducational law and legislation$zEurope 615 0$aEducational law and legislation 676 $a344.407 702 $aRusso$b Charles J. 801 0$bMiAaPQ 801 1$bMiAaPQ 801 2$bMiAaPQ 906 $aBOOK 912 $a9910819191803321 996 $aHandbook of comparative education law$93927927 997 $aUNINA LEADER 02851nam 22006615 450 001 9910590090003321 005 20230810175511.0 010 $a9783031079269$b(electronic bk.) 010 $z9783031079252 024 7 $a10.1007/978-3-031-07926-9 035 $a(MiAaPQ)EBC7077449 035 $a(Au-PeEL)EBL7077449 035 $a(CKB)24739755800041 035 $a(DE-He213)978-3-031-07926-9 035 $a(EXLCZ)9924739755800041 100 $a20220824d2022 u| 0 101 0 $aeng 135 $aurcnu|||||||| 181 $ctxt$2rdacontent 182 $cc$2rdamedia 183 $acr$2rdacarrier 200 10$aEveryday Life in the Postmodern World $eAn Introduction to Cultural Studies /$fby Arthur Asa Berger 205 $a1st ed. 2022. 210 1$aCham :$cSpringer International Publishing :$cImprint: Springer,$d2022. 215 $a1 online resource (175 pages) 225 1 $aSpringer Texts in Social Sciences,$x2730-6143 311 08$aPrint version: Berger, Arthur Asa Everyday Life in the Postmodern World Cham : Springer International Publishing AG,c2022 9783031079252 330 $aThis introductory textbook familiarizes students with ideas of key thinkers and perspectives related to postmodern thought and everyday life. The book is unique in that it offers selections from key passages of works of important thinkers as well as from some of the author's own publications that serve as examples of how to interpret various aspects of culture. The book draws in readers with its engaging and conversational style and use of cases, illustrations and photographs, including fun discussions on everyday life under pandemic restrictions. This is a must read for students taking courses in sociology, cultural anthropology, culture and media studies, linguistics, social philosophy, and for specific courses on postmodernism. 410 0$aSpringer Texts in Social Sciences,$x2730-6143 606 $aCulture 606 $aCommunication 606 $aSociology$xPhilosophy 606 $aEthnology 606 $aSemiotics 606 $aSociology of Culture 606 $aMedia and Communication 606 $aPhilosophy of Sociology 606 $aSociocultural Anthropology 606 $aSemiotics 615 0$aCulture. 615 0$aCommunication. 615 0$aSociology$xPhilosophy. 615 0$aEthnology. 615 0$aSemiotics. 615 14$aSociology of Culture. 615 24$aMedia and Communication. 615 24$aPhilosophy of Sociology. 615 24$aSociocultural Anthropology. 615 24$aSemiotics. 676 $a306.07 676 $a149.97 700 $aBerger$b Arthur Asa$f1933-$0320760 801 0$bMiAaPQ 801 1$bMiAaPQ 801 2$bMiAaPQ 912 $a9910590090003321 996 $aEveryday Life in the Postmodern World$92908452 997 $aUNINA LEADER 05205nam 22006494a 450 001 9911019931303321 005 20230617005344.0 010 $a1-280-74791-9 010 $a9786610747917 010 $a0-470-98452-X 010 $a0-470-75946-1 010 $a1-4051-7169-3 035 $a(CKB)1000000000341971 035 $a(EBL)284159 035 $a(OCoLC)437176072 035 $a(SSID)ssj0000115796 035 $a(PQKBManifestationID)11145066 035 $a(PQKBTitleCode)TC0000115796 035 $a(PQKBWorkID)10027254 035 $a(PQKB)11521614 035 $a(MiAaPQ)EBC284159 035 $a(EXLCZ)991000000000341971 100 $a20050113d2005 uy 0 101 0 $aeng 135 $aur|n|---||||| 181 $ctxt 182 $cc 183 $acr 200 10$aBuilding surveys and reports /$fEdward A. Noy 205 $a3rd ed. 210 $aOxford ;$aMalden, MA $cBlackwell Pub.$d2005 215 $a1 online resource (434 p.) 300 $aDescription based upon print version of record. 311 $a1-4051-2147-5 320 $aIncludes bibliographical references (p. [387]-411) and index. 327 $aBuilding Surveys and Reports; Contents; Preface to Second Edition; Preface to Third Edition; Acknowledgements; 1 General Principles and Responsibilities; 1.1 What is a building survey?; 1.2 Housing quality initiatives; 1.3 The purpose of the survey; 1.4 Building condition assessment; 1.5 Surveyor's responsibilities; 1.6 Contracts and fees; 2 Procedure and Equipment; 2.1 Basic survey methodology; 2.2 Preliminary operations; 2.3 Property risks; 2.4 Equipment for measured drawing surveys; 2.5 Equipment for examining defects; 3 Measurement of Existing Buildings; 3.1 Preliminaries 327 $a3.2 Internal measuring3.3 Roof space; 3.4 External measuring; 3.5 Levelling; 3.6 Plotting the survey; 4 Surveys of Historic Buildings; 4.1 General considerations; 4.2 Medieval churches; 4.3 Church towers; 4.4 Church bells and fittings; 4.5 Measured drawings; 5 Foundation Failures; 5.1 Introductory; 5.2 Causes of failure; 5.3 Differential movement; 5.4 Inadequate foundations; 5.5 Overloading; 5.6 Unequal settlement; 5.7 Effect of tree roots; 5.8 Shallow foundations; 5.9 Building on sloping sites; 5.10 Building on made up ground; 5.11 Diagnosis; 6 Defective Walls and Partitions Above Ground 327 $a6.1 Type of failure6.2 Bulging and leaning walls; 6.3 Overloading; 6.4 Thermal and moisture movement; 6.5 Failure in arches and lintels; 6.6 Defective materials and chemical action; 6.7 Failure in bonding and defects at junctions; 6.8 Frost failure; 6.9 Cavity walls; 6.10 Built-in iron and steel members; 6.11 Tile and slate hanging and weatherboarding; 6.12 Partitions; 6.13 Assessment of cracks; 6.14 Natural stone masonry; 6.15 Sedimentary rocks; 6.16 Igneous rocks; 6.17 Metamorphic rocks; 6.18 Defects in stonework; 6.19 Cast stone; 6.20 Recording defects 327 $a7 Reinforced Concrete, Cladding Materials and Structural SteelworkREINFORCED CONCRETE; 7.1 Description; 7.2 Corrosion and cracking; 7.3 Aggregates; 7.4 High alumina cement; 7.5 Thermal expansion; 7.6 Frost damage; 7.7 Electrolytic action; 7.8 Lightweight aggregates; 7.9 Deflection; 7.10 Diagnosis; 7.11 Brick panel walls in RC frames; 7.12 No-fines concrete housing; 7.13 Autoclaved aerated concrete; CLADDING MATERIALS; 7.14 Description; 7.15 Cladding defects; 7.16 Joint problems; 7.17 Metallic fasteners; STRUCTURAL STEELWORK; 7.18 Description; 7.19 Diagnosis 327 $a8 Damp Penetration and Condensation8.1 Description; 8.2 Damp courses; 8.3 Diagnosis; RISING DAMP FROM THE GROUND; 8.4 Solid walls with DPC absent or defective; 8.5 Stone walls in older buildings; 8.6 Basement walls and floors; 8.7 Heaped earth or paving against walls and bridging of rendering; 8.8 Internal partitions; 8.9 Rising damp in ground floors; 8.10 Rising damp in old timber framed buildings; PENETRATING DAMP THROUGH WALLS; 8.11 Locating damp penetration; 8.12 Parapet walls; 8.13 Cavity walls; EXTRANEOUS CAUSES; 8.14 Leaks in plumbing systems; CONDENSATION; 8.15 Description 327 $a8.16 Causes 330 $aThis book deals with structural surveys for all types of building - domestic industrial and commercial - and includes diagnosis of a wide range of defects. It considers both modern and older construction methods, and deals with the particular problems of alterations and restoration work. Guidance is given on how to carry out measured surveys and on report writing. The third edition covers the latest definitions of types of property surveys, more information on report writing and a range of detail updates. * Covers all types of building - commercial, industrial and historical - not just domes 606 $aBuilding inspection 606 $aBuildings$xDefects 615 0$aBuilding inspection. 615 0$aBuildings$xDefects. 676 $a690.21 676 $a690/.21 700 $aNoy$b Edward A$0864499 701 $aDouglas$b James$0627299 801 0$bMiAaPQ 801 1$bMiAaPQ 801 2$bMiAaPQ 906 $aBOOK 912 $a9911019931303321 996 $aBuilding surveys and reports$92201517 997 $aUNINA LEADER 03075oas 22012613a 450 001 9910894500503321 005 20260218111400.0 035 $a(DE-599)ZDB2900321-0 035 $a(OCoLC)49909029 035 $a(CONSER) 2002214250 035 $a(CKB)3710000000586862 035 $a(DE-599)2900321-0 035 $a(DE-599)2089789-3 035 $a(EXLCZ)993710000000586862 100 $a20020603b19982010 sy a 101 0 $aeng 135 $aurcnu|||||||| 181 $ctxt$2rdacontent 182 $cc$2rdamedia 183 $acr$2rdacarrier 200 10$aJALA 210 $aCharlottesville, Va. $cAssociation for Laboratory Automation 311 08$a1535-5535 517 1 $aJournal of the Association for Laboratory Automation 531 0 $aJALA 606 $aMedical laboratory technology$vPeriodicals 606 $aLaboratories$xEquipment and supplies$vPeriodicals 606 $aTechnology 606 $aMedicine 606 $aAutomation 606 $aMe?decine$xLaboratoires$xTechnique$vPe?riodiques 606 $aAutomatisation 606 $aautomation$2aat 606 $aLaboratories$xEquipment and supplies$2fast$3(OCoLC)fst00990356 606 $aMedical laboratory technology$2fast$3(OCoLC)fst01014300 608 $aPeriodical. 608 $aperiodicals.$2aat 608 $aPeriodicals.$2fast 608 $aPeriodicals.$2lcgft 608 $aPe?riodiques.$2rvmgf 615 0$aMedical laboratory technology 615 0$aLaboratories$xEquipment and supplies 615 2$aTechnology. 615 2$aMedicine. 615 2$aAutomation. 615 6$aMe?decine$xLaboratoires$xTechnique 615 6$aAutomatisation. 615 7$aautomation. 615 7$aLaboratories$xEquipment and supplies. 615 7$aMedical laboratory technology. 676 $a317 712 02$aAssociation for Laboratory Automation 801 0$bNSD 801 1$bNSD 801 2$bOCLCQ 801 2$bDLC 801 2$bOCLCQ 801 2$bCGU 801 2$bKSU 801 2$bOCLCQ 801 2$bOCLCS 801 2$bHEBIS 801 2$bDEBBG 801 2$bAGL 801 2$bHNK 801 2$bOCLCQ 801 2$bAGL 801 2$bOCLCF 801 2$bOCLCO 801 2$bVT2 801 2$bOCLCQ 801 2$bOCLCO 801 2$bOCLCQ 801 2$bOCLCO 801 2$bOCLCQ 801 2$bDLC 801 2$bCOO 801 2$bOCLCO 801 2$bOCLCA 801 2$bU3W 801 2$bOCLCO 801 2$bOCLCA 801 2$bREB 801 2$bOCLCO 801 2$bEZC 801 2$bUKMGB 801 2$bWYU 801 2$bOCLCO 801 2$bAU@ 801 2$bOCLCO 801 2$bOCLCA 801 2$bNJT 801 2$bSFB 801 2$bOCLCQ 801 2$bOCLCO 801 2$bCASUM 801 2$bOCLCQ 801 2$bAUD 801 2$bOCLCL 801 2$bCNMTR 801 2$bLGG 801 2$bLVT 801 2$bLIP 801 2$bOCLCQ 906 $aJOURNAL 912 $a9910894500503321 996 $aJALA$94231736 997 $aUNINA